| 000 | 01920nam a22002417a 4500 | ||
|---|---|---|---|
| 999 |
_c59276 _d59276 |
||
| 003 | Ge_BSU | ||
| 005 | 20221229120945.0 | ||
| 008 | 221227s2022ge xxu||||| |||| 00| 0 geo d | ||
| 020 | _a9789941978722 | ||
| 041 | _ageo | ||
| 080 | _a94(479.22) ს-32 | ||
| 100 |
_aმაცაბერიძე, მალხაზ, ავტორი. _916606 |
||
| 245 |
_aსაქართველოს დამფუძნებელი კრება : _b ქართული პარლამენტარიზმის გამოცდილება : [მონოგრაფია] / _cმალხაზ მაცაბერიძე, ოთარ ჯანელიძე, ირაკლი იაკობაშვილი [და სხვა] ; |
||
| 264 |
_aთბილისი : _bშპს "საჩინო" _c2022. |
||
| 300 |
_a462 გვ. ; _b29 სმ. |
||
| 500 | _aმონოგრაფია მომზადდა შოთა რუსთველის ეროვნული სამეცნიერო ფონდის ფუნდამენტური კვლევებისათვის სახელმწიფო სამეცნიერო ფონდის საგრანტო პროექტის „საქართველოს დამფუძნებელი კრება: ქართული პარლამენტარიზმის გამოცდილება“ ფარგლებში. | ||
| 504 | _aბიბლიოგრაფია: გვ. 453-457. | ||
| 520 | _aრეზიუმე ინგლისურ ენაზე. | ||
| 653 | _aსაქართველოს დამფუძნებელი კრება | ||
| 700 |
_aჯანელიძე, ოთარ _91743 |
||
| 700 |
_aიაკობაშვილი, ირაკლი _916609 |
||
| 942 |
_2udc _cBK |
||